000 01038nam a22001937a 4500
999 _c57260
_d57260
003 Ge_BSU
005 20200316224404.0
008 200129s2016 ||||| |||| 00| 0 geo d
041 _ageo
080 _a27(063):327.36 ი-67
245 _aინტერრელიგიური დიალოგი მშვიდობისათვის კონფერენციის მასალები = INTERRELIGIOUS DIALOGUE FOR PEACE CONFERENCE MATERIALS /
_cმთ. რედ. ზაზა ვაშაყმაძე ; რედ. პაატა გერგაია.
264 _aთბილისი,
_c2016.
300 _a95 გვ. :
_b ილ. ;
_c28 სმ.
440 _aრელიგიის საკითხთა სააგენტო
_96484
653 _aრელიგია
700 _aვაშაყმაძე, ზაზა
_eმთავარი რედაქტორი
_958
700 _aგერგაია, პაატა
_e რედაქტორი
_96485
942 _2udc
_cBK